[Event "Tournoi Skype 011B"]
[Site "Skype"]
[Date "????.??.??"]
[Round "2.10"]
[White "Dhenain, Sebastien"]
[Black "Strydom, Brett"]
[Result "1-0"]
[WhiteElo "1214"]
[BlackElo "1399"]
[PlyCount "49"]

1. e4 e5 2. Nf3 Nc6 3. d4 exd4 4. Nxd4 Nxd4 5. Qxd4 Bd6 6. Qxg7 Nf6 7. Qxh8+
Ke7 8. Qxd8+ Kxd8 9. Bg5 Be5 10. Nc3 Ke8 11. Bxf6 Bxf6 12. Nd5 Be5 13. f4 c6
14. fxe5 cxd5 15. exd5 Ke7 16. d6+ Ke6 17. O-O-O Kxe5 18. Bc4 Kf6 19. Rhe1 b6
20. Re7 h5 21. Rxf7+ Kg5 22. Re1 a5 23. Ree7 Ra7 24. Rg7+ Kh4 25. Re4# 1-0

[Event "Tournoi Skype 011B"]
[Site "Skype"]
[Date "????.??.??"]
[Round "2.11"]
[White "Cossalter, Maurizio"]
[Black "Armingaud, Jean-Claude"]
[Result "1/2-1/2"]
[WhiteElo "1387"]
[BlackElo "1170"]
[PlyCount "47"]

1. Nf3 d5 2. e3 e6 3. d4 Nc6 4. c4 Nf6 5. Nc3 Na5 6. Qa4+ Nc6 7. cxd5 exd5 8.
Bd3 g6 9. O-O Bd7 10. Qd1 Bg7 11. Ne5 Nxe5 12. dxe5 Nh5 13. Be2 Bxe5 14. Bxh5
Qh4 15. f4 gxh5 16. fxe5 Rg8 17. Rf2 O-O-O 18. Qe1 Bh3 19. Qe2 Rg7 20. Rf4
Rxg2+ 21. Qxg2 Qe1+ 22. Rf1 Qh4 23. Rf4 Qe1+ 24. Rf1 1/2-1/2

[Event "Tournoi Skype 011B"]
[Site "Skype"]
[Date "????.??.??"]
[Round "2.12"]
[White "Tamditi, Ibrahim"]
[Black "Capdeville, Jean"]
[Result "1-0"]
[WhiteElo "1179"]
[BlackElo "1384"]
[PlyCount "33"]

1. e4 e5 2. Nf3 d6 3. Bc4 Nd7 4. O-O Be7 5. d4 h6 6. dxe5 dxe5 7. Qd5 Ndf6 8.
Qxf7+ Kd7 9. Rd1+ Kc6 10. Rxd8 Bxd8 11. Qxg7 Be7 12. Nxe5+ Kb6 13. Qxh8 Bf8 14.
Bxg8 Bg4 15. Qxf6+ c6 16. Nxg4 Rd8 17. Qxd8+ 1-0

[Event "Tournoi Skype 011B"]
[Site "Skype"]
[Date "????.??.??"]
[Round "2.14"]
[White "Melin, Christiane"]
[Black "Hargez, Dany"]
[Result "0-1"]
[WhiteElo "1165"]
[BlackElo "1476"]
[PlyCount "22"]

1. g3 e5 2. h3 d5 3. g4 Nf6 4. d4 e4 5. Bg5 Be7 6. Bxf6 Bxf6 7. c3 e3 8. Qa4+
c6 9. fxe3 Qe7 10. Kf2 Bh4+ 11. Kf3 Qe4# 0-1

[Event "Tournoi Skype 011B"]
[Site "Skype"]
[Date "????.??.??"]
[Round "2.15"]
[White "Rival, Jocelyn"]
[Black "Coruble, Didier"]
[Result "0-1"]
[WhiteElo "1122"]
[BlackElo "1430"]
[PlyCount "46"]

1. e4 c5 2. Nf3 d6 3. d4 cxd4 4. Nxd4 e5 5. Nf3 Be7 6. Nc3 Nf6 7. Bg5 h6 8. Bh4
O-O 9. Bd3 Nc6 10. O-O Nb4 11. Bxf6 Bxf6 12. a3 Nxd3 13. cxd3 Bg4 14. Nd5 Bg5
15. Rc1 Bxc1 16. Qxc1 Rc8 17. Qe3 b6 18. b4 f6 19. h3 Bd7 20. Nd2 Bb5 21. Qg3
g5 22. f4 exf4 23. h4 fxg3 0-1

[Event "Tournoi Skype 011B"]
[Site "Skype"]
[Date "????.??.??"]
[Round "2.16"]
[White "Steenkamp, Brandt"]
[Black "Lecluyse, Koenraad"]
[Result "0-1"]
[WhiteElo "1430"]
[BlackElo "1180"]
[PlyCount "80"]

1. e4 e5 2. Nf3 Nc6 3. Bb5 a6 4. Ba4 b5 5. Bb3 d6 6. O-O Nf6 7. Nc3 Bg4 8. h3
Bh5 9. d3 Be7 10. Ng5 O-O 11. Nd5 Bxd1 12. Rxd1 Nxd5 13. Bxd5 Qd7 14. Be3 h6
15. Nf3 Rae8 16. b3 Bf6 17. a4 bxa4 18. Rxa4 Ne7 19. Rxa6 c6 20. Bc4 d5 21.
Rda1 dxc4 22. bxc4 Qb7 23. Ra7 Qb2 24. R7a2 Qc3 25. Bc5 Bg5 26. Ra7 Kh8 27.
Bxe7 Rxe7 28. R7a3 Qb4 29. c3 Qc5 30. Ra5 Qd6 31. c5 Qe6 32. d4 exd4 33. Nxd4
Qxe4 34. Nxc6 Rc7 35. Nd4 f5 36. f3 Qe3+ 37. Kh2 Bf4+ 38. g3 Be5 39. Nc2 Qf2+
40. Kh1 Qxc2 0-1

[Event "Tournoi Skype 011B"]
[Site "Skype"]
[Date "????.??.??"]
[Round "2.17"]
[White "Fastrez, Miguel"]
[Black "Lequeux, Pierre"]
[Result "0-1"]
[WhiteElo "1399"]
[BlackElo "1108"]
[PlyCount "92"]

1. e4 e5 2. Nf3 Nc6 3. d3 f6 4. Nc3 Bb4 5. Nh4 Nge7 6. Qg4 g6 7. Nxg6 hxg6 8.
a3 d6 9. Qf3 Bxc3+ 10. bxc3 f5 11. Qd1 f4 12. Be2 g5 13. c4 Ng6 14. Bh5 Qf6 15.
O-O Bd7 16. a4 O-O-O 17. c3 Rh7 18. a5 Rdh8 19. g4 fxg3 20. Ra2 Rxh5 21. fxg3
Qg7 22. Raf2 Bh3 23. Rf7 Qg8 24. R1f2 Nd8 25. Qf3 Be6 26. g4 R5h7 27. Rf5 Bxf5
28. Qxf5+ Rd7 29. Bxg5 b6 30. axb6 axb6 31. h4 Nxh4 32. Bxh4 Rxh4 33. g5 Qh8
34. c5 Rh1+ 35. Kg2 Rh2+ 36. Kf3 Rh3+ 37. Ke2 Qh5+ 38. Rf3 Rh2+ 39. Kd1 Rh1+
40. Kc2 Rh2+ 41. Kb3 Qf7+ 42. Ka4 Qxf5 43. Rxf5 bxc5 44. g6 Ra2+ 45. Kb5 c6+
46. Kb6 Rb7# 0-1

[Event "Tournoi Skype 011B"]
[Site "Skype"]
[Date "????.??.??"]
[Round "2.18"]
[White "Sauvaget, Joel"]
[Black "Baker, Abi"]
[Result "0-1"]
[WhiteElo "1399"]
[BlackElo "1034"]
[PlyCount "58"]

1. e4 e6 2. Nf3 d5 3. e5 c5 4. c3 Nc6 5. d4 Qb6 6. Nbd2 cxd4 7. Nb3 g6 8. Be2
Bg7 9. Be3 dxe3 10. fxe3 Qxe3 11. Qd2 Qb6 12. O-O-O Nge7 13. Kb1 a5 14. Rc1 a4
15. Na1 a3 16. b3 Qf2 17. Rhg1 b6 18. Nc2 O-O 19. Ne3 Nf5 20. Rcf1 Qxe3 21.
Qxe3 Nxe3 22. Rc1 f6 23. Rge1 fxe5 24. Bb5 Bd7 25. Rxe3 e4 26. Nd2 Rf2 27. Re2
Raf8 28. Rxf2 Rxf2 29. c4 Rxd2 0-1

[Event "Tournoi Skype 011B"]
[Site "Skype"]
[Date "????.??.??"]
[Round "2.19"]
[White "Coude, Josue"]
[Black "Vervoort, Jean-Louis"]
[Result "0-1"]
[WhiteElo "1104"]
[BlackElo "1291"]
[PlyCount "76"]

1. e4 e5 2. Nf3 Nf6 3. Nc3 Nc6 4. Bc4 Bc5 5. d3 O-O 6. O-O a6 7. a4 d6 8. Nd5
Nxd5 9. Bxd5 Nd4 10. Nxd4 Bxd4 11. Be3 Bxe3 12. fxe3 c6 13. Bc4 b5 14. axb5
cxb5 15. Bxb5 Qb6 16. Bc4 Qxe3+ 17. Rf2 Rb8 18. b3 Qa7 19. Qf3 a5 20. Kh1 Be6
21. Bxe6 fxe6 22. Qe2 Rxf2 23. Qe1 Rbf8 24. Qg1 Qf7 25. h3 Rf1 26. Rxf1 Qxf1
27. Qxf1 Rxf1+ 28. Kh2 Rc1 29. c4 Rc3 30. d4 exd4 31. Kg1 Rxb3 32. Kf2 a4 33.
Ke2 a3 34. Kd2 a2 35. Kc2 Rb8 36. Kd3 e5 37. g4 a1=Q 38. h4 Qd1# 0-1

[Event "Tournoi Skype 011B"]
[Site "Skype"]
[Date "????.??.??"]
[Round "2.20"]
[White "Pedneault, Anne-Frederique"]
[Black "Prasad Singh, Ambika"]
[Result "0-1"]
[WhiteElo "1066"]
[BlackElo "1284"]
[PlyCount "74"]

1. e4 c5 2. Nf3 Nc6 3. Bc4 d6 4. c3 Nf6 5. d3 e5 6. Bg5 Be7 7. Nbd2 h6 8. Bh4
Bd7 9. O-O O-O 10. h3 Nh5 11. Bxe7 Qxe7 12. Nh2 Nf4 13. Qf3 Na5 14. Bb3 Nxh3+
15. gxh3 Qg5+ 16. Qg3 Qxd2 17. Rab1 Nxb3 18. axb3 Qg5 19. Qxg5 hxg5 20. Nf3
Bxh3 21. Rfe1 f6 22. Kh2 Be6 23. b4 cxb4 24. cxb4 Rac8 25. Rbc1 Rc6 26. b5 Rc5
27. Rxc5 dxc5 28. Ra1 Rd8 29. Rxa7 Rxd3 30. Kg3 Rb3 31. Ra8+ Kh7 32. Re8 Bc4
33. b6 Rxb6 34. Kg4 Kg6 35. Nd2 Be2+ 36. Nf3 Rxb2 37. Rh8 b5 0-1

[Event "Tournoi Skype 011B"]
[Site "Skype"]
[Date "????.??.??"]
[Round "2.23"]
[White "Martin, Elise"]
[Black "Marty, Yvette"]
[Result "1-0"]
[WhiteElo "1217"]
[BlackElo "1000"]
[PlyCount "71"]

1. d4 d5 2. c4 Nf6 3. Nc3 Nc6 4. Nf3 e6 5. Bg5 Be7 6. e3 Bd7 7. Bd3 h6 8. Bh4
Na5 9. c5 Nc6 10. O-O b6 11. cxb6 axb6 12. Bg3 Nb4 13. h3 c5 14. Ne5 O-O 15.
Qf3 Nxd3 16. Nxd3 cxd4 17. exd4 Re8 18. Ne5 Bc8 19. Bf4 Ba6 20. Rfe1 Nh7 21.
Qg3 Bg5 22. Bxg5 hxg5 23. Qf3 f6 24. Ng6 Kf7 25. Qh5 Bd3 26. Nh8+ Ke7 27. Qf7+
Kd6 28. Qxg7 Re7 29. Nf7+ Rxf7 30. Qxf7 Ra7 31. Qxa7 g4 32. Qa3+ Kc7 33. Rxe6
Bf5 34. Qa7+ Kc8 35. Rc6+ Qc7 36. Qxc7# 1-0

[Event "Tournoi Skype 011B"]
[Site "Skype"]
[Date "????.??.??"]
[Round "2.25"]
[White "Grib, Jessica"]
[Black "Talbot, Jean"]
[Result "1-0"]
[WhiteElo "1199"]
[BlackElo "1000"]
[PlyCount "39"]

1. e4 e5 2. Nf3 Nc6 3. Bc4 Bc5 4. c3 Nf6 5. d4 exd4 6. cxd4 Nxd4 7. Nxd4 Bb4+
8. Nc3 Nxe4 9. O-O Bxc3 10. bxc3 Nxc3 11. Re1+ Kf8 12. Ba3+ d6 13. Ne6+ fxe6
14. Qf3+ Qf6 15. Qg3 Ne2+ 16. Rxe2 g5 17. Bxd6+ cxd6 18. Qxd6+ Qe7 19. Qe5 Bd7
20. Qxh8+ 1-0

[Event "Tournoi Skype 011B"]
[Site "Skype"]
[Date "????.??.??"]
[Round "3.1"]
[White "Mulrooney, Justin"]
[Black "Farfallini, Michel"]
[Result "1-0"]
[WhiteElo "1465"]
[BlackElo "1293"]
[PlyCount "67"]

1. d4 d5 2. c4 e6 3. Nc3 Nf6 4. Nf3 Be7 5. e3 O-O 6. Be2 Nbd7 7. O-O c6 8. cxd5
exd5 9. Qc2 Re8 10. b3 Bb4 11. Bb2 Bxc3 12. Bxc3 Ne4 13. Bb2 Ndf6 14. Ne5 Qc7
15. f3 Nd6 16. Bd3 Be6 17. Rac1 Qc8 18. Ba3 Nf5 19. Qf2 Nd7 20. e4 Nxe5 21.
dxe5 Ne7 22. f4 dxe4 23. Bxe4 Bf5 24. Qf3 Bxe4 25. Qxe4 Nf5 26. g4 Nd6 27. Bxd6
Qxg4+ 28. Qg2 Qxg2+ 29. Kxg2 Rad8 30. Kf3 f6 31. Rfd1 fxe5 32. Bxe5 Rxd1 33.
Rxd1 Rf8 34. Rd7 1-0

[Event "Tournoi Skype 011B"]
[Site "Skype"]
[Date "????.??.??"]
[Round "3.2"]
[White "Gharbi, Said"]
[Black "Briere, Jean"]
[Result "0-1"]
[WhiteElo "1355"]
[BlackElo "1451"]
[PlyCount "26"]

1. e4 e5 2. d4 exd4 3. c3 dxc3 4. Bc4 Nc6 5. Nxc3 Bb4 6. Nge2 Nf6 7. O-O O-O 8.
Nd5 Nxd5 9. exd5 Ne5 10. Bb3 d6 11. Nd4 Re8 12. Re1 Bxe1 13. Qxe1 Nf3+ 0-1

[Event "Tournoi Skype 011B"]
[Site "Skype"]
[Date "????.??.??"]
[Round "3.3"]
[White "Milanese, Serge"]
[Black "Ramirez Reina, Orlando"]
[Result "1-0"]
[WhiteElo "1289"]
[BlackElo "1447"]
[PlyCount "51"]

1. e4 c6 2. d4 d6 3. Nc3 Nf6 4. Nf3 Bg4 5. h3 Bxf3 6. Qxf3 Nbd7 7. Bf4 Qc7 8.
O-O-O e5 9. dxe5 dxe5 10. Be3 Bb4 11. Bd2 Bxc3 12. Bxc3 O-O 13. Be2 Rfe8 14.
Bd2 Nc5 15. Be3 Ncxe4 16. Rhf1 b6 17. g4 h6 18. Bxh6 gxh6 19. Qf5 Qe7 20. Rg1
Nd6 21. Qd3 e4 22. Qe3 Kh7 23. g5 hxg5 24. Qxg5 Rg8 25. Qh4+ Nh5 26. Qxh5# 1-0

[Event "Tournoi Skype 011B"]
[Site "Skype"]
[Date "????.??.??"]
[Round "3.4"]
[White "Gerbaux, Regis"]
[Black "Tamditi, Ibrahim"]
[Result "1-0"]
[WhiteElo "1436"]
[BlackElo "1179"]
[PlyCount "45"]

1. e4 e5 2. Nf3 Nf6 3. Nc3 d5 4. d3 Bb4 5. Bd2 Bxc3 6. bxc3 dxe4 7. Nxe5 exd3
8. cxd3 O-O 9. Be2 Qd5 10. Nf3 Bg4 11. h3 Bxf3 12. Bxf3 Qxd3 13. Bxb7 Re8+ 14.
Be3 Qxc3+ 15. Kf1 Nbd7 16. Bxa8 Rxa8 17. Rc1 Qa5 18. Kg1 Qxa2 19. Rxc7 a6 20.
Kh2 Qb2 21. Bd4 Qb8 22. Qc2 Ra7 23. Bxa7 1-0

[Event "Tournoi Skype 011B"]
[Site "Skype"]
[Date "????.??.??"]
[Round "3.5"]
[White "Martin, Jean-Claude"]
[Black "Cockayne, Curtis"]
[Result "1-0"]
[WhiteElo "1272"]
[BlackElo "1399"]
[PlyCount "75"]

1. d4 d5 2. c4 c5 3. Nf3 e6 4. Nc3 Nf6 5. Bf4 Nc6 6. e3 h6 7. Bd3 b6 8. O-O Bd6
9. Bxd6 Qxd6 10. h3 O-O 11. Re1 Nb4 12. Ne5 Nxd3 13. Qxd3 Bb7 14. Rad1 dxc4 15.
Qxc4 a5 16. Nb5 Qe7 17. dxc5 bxc5 18. Nd6 Bd5 19. Qxc5 Ne4 20. Nc6 Qg5 21. Nxe4
Bxe4 22. Qxg5 hxg5 23. Rd6 Rac8 24. Ne7+ Kh8 25. Nxc8 Rxc8 26. Red1 Rc2 27.
R1d2 Rc1+ 28. Kh2 Rf1 29. R6d4 Bc6 30. a3 f5 31. Rd6 Be4 32. Rxe6 Bb7 33. Rg6
g4 34. hxg4 fxg4 35. Rxg4 Rc1 36. Rd8+ Kh7 37. Rd7 Rc2 38. Rgxg7+ 1-0

[Event "Tournoi Skype 011B"]
[Site "Skype"]
[Date "????.??.??"]
[Round "3.6"]
[White "Armingaud, Jean-Claude"]
[Black "Dhenain, Sebastien"]
[Result "1-0"]
[WhiteElo "1170"]
[BlackElo "1214"]
[PlyCount "53"]

1. e4 e5 2. Nf3 Nc6 3. Nc3 Nf6 4. Bc4 Bb4 5. d4 Bxc3+ 6. bxc3 Nxe4 7. Nxe5 Nxe5
8. dxe5 Qh4 9. O-O Nxc3 10. Qd3 Ne4 11. Ba3 d6 12. exd6 Nxd6 13. Rae1+ Be6 14.
Bb5+ Nxb5 15. Qxb5+ c6 16. Qxb7 Rd8 17. Qxc6+ Rd7 18. Qa8+ Rd8 19. Qxa7 Rd7 20.
Qb6 f6 21. Qxe6+ Kd8 22. Qb6+ Rc7 23. Be7+ Kc8 24. Bd6 Rd7 25. Qa6+ Rb7 26.
Qa8+ Rb8 27. Bxb8 1-0

[Event "Tournoi Skype 011B"]
[Site "Skype"]
[Date "????.??.??"]
[Round "3.7"]
[White "Hargez, Dany"]
[Black "Cossalter, Maurizio"]
[Result "1-0"]
[WhiteElo "1476"]
[BlackElo "1387"]
[PlyCount "37"]

1. e4 c5 2. Nf3 Nc6 3. e5 d6 4. Bb5 Bd7 5. Bxc6 Bxc6 6. O-O e6 7. d4 d5 8. c3
g6 9. Bf4 Qc7 10. Nbd2 Bh6 11. Bg5 Bxg5 12. Nxg5 cxd4 13. cxd4 O-O-O 14. a4 Kb8
15. Nb3 h6 16. Nh3 g5 17. Nc5 Bd7 18. Qb3 f6 19. Na6+ 1-0

[Event "Tournoi Skype 011B"]
[Site "Skype"]
[Date "????.??.??"]
[Round "3.9"]
[White "Prasad Singh, Ambika"]
[Black "Prasad, Sanjay"]
[Result "1-0"]
[WhiteElo "1284"]
[BlackElo "1439"]
[PlyCount "43"]

1. e4 c5 2. Nf3 d6 3. d4 cxd4 4. Nxd4 e5 5. Nb3 h6 6. Be2 Be6 7. O-O Nf6 8. Nc3
Be7 9. h3 O-O 10. Kh1 Nc6 11. Be3 d5 12. Nxd5 Nxd5 13. exd5 Bxd5 14. c3 Bxb3
15. Qxb3 Na5 16. Qc2 a6 17. Rad1 Qc7 18. Bd3 Qc8 19. f4 f5 20. fxe5 Nc6 21.
Bxf5 Nxe5 22. Bxc8 1-0

[Event "Tournoi Skype 011B"]
[Site "Skype"]
[Date "????.??.??"]
[Round "3.10"]
[White "Picard, Mario"]
[Black "Vincent, Andre"]
[Result "1-0"]
[WhiteElo "1277"]
[BlackElo "1433"]
[PlyCount "77"]

1. Nf3 Nf6 2. g3 d5 3. Bg2 Nc6 4. O-O e5 5. c4 Be7 6. e3 O-O 7. Nc3 Be6 8. d4
e4 9. Ne5 Nxe5 10. dxe5 Ng4 11. cxd5 Bf5 12. h3 Nxe5 13. Nxe4 Qd7 14. Kh2 Rad8
15. Nc3 a6 16. e4 Bg6 17. Bf4 Bf6 18. Qe2 Rfe8 19. Rad1 Qc8 20. Rd2 Rd6 21.
Rfd1 h6 22. b4 b5 23. f3 Bg5 24. Bxg5 hxg5 25. f4 gxf4 26. gxf4 Nc4 27. Rd4 c6
28. Rf1 Qc7 29. f5 Rxd5+ 30. Kg1 Rxd4 31. fxg6 fxg6 32. Qg4 Rd3 33. Rf6 Rxc3
34. Qxg6 Rf8 35. Rf5 Rc1+ 36. Bf1 Qd7 37. Rxf8+ Kxf8 38. Qg5 Re1 39. Qc5+ 1-0

[Event "Tournoi Skype 011B"]
[Site "Skype"]
[Date "????.??.??"]
[Round "3.11"]
[White "Coruble, Didier"]
[Black "Ryan, Lea"]
[Result "0-1"]
[WhiteElo "1430"]
[BlackElo "1282"]
[PlyCount "66"]

1. Nf3 d5 2. e3 Nc6 3. Be2 e5 4. O-O Nf6 5. b3 g6 6. Bb2 Bg7 7. d4 e4 8. Nfd2
O-O 9. c4 Be6 10. c5 a6 11. Nc3 b5 12. cxb6 cxb6 13. Rc1 Qd7 14. Na4 Rfb8 15.
Ba1 Bf8 16. Rc2 b5 17. Nc5 Bxc5 18. dxc5 Nb4 19. Rc1 Nxa2 20. Rb1 Rc8 21. b4 a5
22. Bxf6 axb4 23. Qb3 Nc3 24. Bxc3 bxc3 25. Qxc3 Ra2 26. Rxb5 Rca8 27. Rfb1 d4
28. exd4 R8a3 29. Qc1 Bd5 30. Bd1 Qf5 31. c6 e3 32. c7 Qxf2+ 33. Kh1 Bxg2# 0-1

[Event "Tournoi Skype 011B"]
[Site "Skype"]
[Date "????.??.??"]
[Round "3.12"]
[White "Mordaa, Ahmad"]
[Black "Martin, Elise"]
[Result "1-0"]
[WhiteElo "1426"]
[BlackElo "1217"]
[PlyCount "91"]

1. e4 e5 2. Nf3 Nc6 3. Bc4 Nf6 4. d3 Bc5 5. O-O h6 6. c3 d6 7. h3 Na5 8. Bb5+
c6 9. Ba4 b5 10. Bc2 a6 11. b4 Bb6 12. bxa5 Bxa5 13. d4 exd4 14. Nxd4 Bd7 15.
Qe2 O-O 16. Bb2 Bb6 17. Nd2 c5 18. N4f3 c4 19. Rfe1 Bc6 20. Nd4 Bb7 21. Nf5 Ne8
22. Qg4 Qf6 23. Nf3 Bc8 24. N3d4 Bxf5 25. Nxf5 Ra7 26. Re2 Rd7 27. Rb1 Bc5 28.
Nxh6+ Qxh6 29. Qxd7 Qf4 30. a4 Nf6 31. Qf5 Qxf5 32. exf5 Nh5 33. Bc1 Nf4 34.
Bxf4 Kh7 35. f6+ Kh8 36. fxg7+ Kxg7 37. axb5 Rb8 38. bxa6 Ra8 39. Ra1 d5 40.
Re5 Rd8 41. Rg5+ Kh6 42. Rxd5+ Kg7 43. Rxd8 Bb6 44. Rd7 Kf6 45. Rd6+ Ke7 46.
Rxb6 1-0

[Event "Tournoi Skype 011B"]
[Site "Skype"]
[Date "????.??.??"]
[Round "3.13"]
[White "Rugman, Dan"]
[Black "Dupere, Francois"]
[Result "1-0"]
[WhiteElo "1399"]
[BlackElo "1205"]
[PlyCount "59"]

1. e4 d5 2. exd5 Qxd5 3. Nc3 Qa5 4. Nf3 c6 5. d4 e6 6. Bd3 Nf6 7. O-O Bb4 8.
Bd2 Bxc3 9. Bxc3 Qc7 10. Bd2 h6 11. h3 Nbd7 12. Re1 O-O 13. c3 c5 14. Ne5 cxd4
15. Ng4 dxc3 16. Bxc3 Qd8 17. Qf3 Re8 18. Re3 Nxg4 19. Qxg4 Nf6 20. Qg3 Bd7 21.
Rf3 e5 22. Re1 Bc6 23. Rf5 Qd6 24. Rexe5 g6 25. Rxe8+ Nxe8 26. Be5 Qe6 27. Rh5
Qxa2 28. Rxh6 Kf8 29. Qg5 Qe6 30. Rh8# 1-0

[Event "Tournoi Skype 011B"]
[Site "Skype"]
[Date "????.??.??"]
[Round "3.14"]
[White "Strydom, Brett"]
[Black "Grib, Jessica"]
[Result "1-0"]
[WhiteElo "1399"]
[BlackElo "1199"]
[PlyCount "97"]

1. e4 e5 2. Nf3 Nc6 3. Bc4 Nf6 4. c3 d5 5. exd5 Nxd5 6. d3 Be6 7. Nbd2 f5 8.
O-O Qd6 9. Bxd5 Bxd5 10. Nc4 Qe6 11. Ng5 Qd7 12. Qe2 O-O-O 13. Nxe5 Qe8 14. Bf4
h6 15. Ngf3 g5 16. c4 Bf7 17. Rfe1 Bg7 18. Nxf7 Qxf7 19. Ne5 Qe7 20. Nxc6 Qxe2
21. Rxe2 bxc6 22. Be5 Rhg8 23. Bxg7 Rxg7 24. Rd2 Rgd7 25. Rad1 f4 26. g3 Rd4
27. c5 a5 28. a3 a4 29. Kg2 g4 30. f3 h5 31. h3 R8d5 32. fxg4 hxg4 33. hxg4
Rxc5 34. Kf3 Kb7 35. gxf4 Rd6 36. b4 Rc3 37. g5 Rxa3 38. f5 Rd5 39. Kf4 Rd4+
40. Ke5 Rg4 41. g6 Rc3 42. Kf6 Rc5 43. bxc5 Ka6 44. g7 Kb5 45. Kf7 Kxc5 46.
g8=Q Rf4 47. Qf8+ Kb5 48. Rb1+ Ka5 49. Qa8# 1-0

[Event "Tournoi Skype 011B"]
[Site "Skype"]
[Date "????.??.??"]
[Round "3.15"]
[White "Capdeville, Jean"]
[Black "Lecluyse, Koenraad"]
[Result "1-0"]
[WhiteElo "1384"]
[BlackElo "1180"]
[PlyCount "55"]

1. e4 e5 2. Nf3 Nc6 3. d4 d6 4. d5 Nd4 5. Nxd4 exd4 6. Qxd4 Nf6 7. Bb5+ Bd7 8.
Bxd7+ Nxd7 9. Nc3 Be7 10. Qxg7 Rf8 11. Bh6 Nf6 12. Bg5 Kd7 13. Qh6 Rg8 14. Qh3+
Ke8 15. Qh4 Qd7 16. Bxf6 Qg4 17. Qxg4 Rxg4 18. Bxe7 Kxe7 19. g3 Rf8 20. f3 Rgg8
21. O-O-O f5 22. Rdf1 h5 23. Rhg1 Kd7 24. h3 Rg7 25. Rf2 fxe4 26. Nxe4 Rfg8 27.
Nf6+ Ke7 28. Nxg8+ 1-0

[Event "Tournoi Skype 011B"]
[Site "Skype"]
[Date "????.??.??"]
[Round "3.16"]
[White "Farthouat, Titoine"]
[Black "Porcabeuf, Jean-Marc"]
[Result "1/2-1/2"]
[WhiteElo "1150"]
[BlackElo "1360"]
[PlyCount "115"]

1. e4 e6 2. Nf3 d5 3. exd5 exd5 4. c4 Nf6 5. cxd5 Nxd5 6. Bc4 Bc5 7. d4 Bb4+ 8.
Bd2 Be7 9. Ne5 O-O 10. Qf3 Nf6 11. Qg3 Qxd4 12. Bh6 Qe4+ 13. Kd1 Rd8+ 14. Bd3
g6 15. Kc1 Qd4 16. Bxg6 fxg6 17. Nxg6 Ng4 18. Nxe7+ Kh8 19. h3 Nxh6 20. Nc3
Qd2+ 21. Kb1 Bf5+ 22. Nxf5 Nxf5 23. Qe5+ Ng7 24. Qxc7 Nd7 25. Rd1 Qxf2 26. Rxd7
Qf5+ 27. Kc1 Qxd7 28. Qxd7 Rxd7 29. Nb5 Rad8 30. Kc2 Rd2+ 31. Kc3 R8d3+ 32. Kc4
Rd1 33. Rxd1 Rxd1 34. Nxa7 Rd2 35. Kb3 Rxg2 36. a4 Rg3+ 37. Kc4 Rxh3 38. b4 Ne6
39. b5 Rh4+ 40. Kb3 b6 41. Nc8 Rh3+ 42. Kc4 h5 43. Nxb6 Rf3 44. a5 Nc7 45. a6
Ra3 46. Kc5 h4 47. Kc6 Nxa6 48. Kb7 Nc5+ 49. Kc6 Rc3 50. Nd5 h3 51. Nxc3 h2 52.
Kxc5 h1=Q 53. b6 Qc1 54. b7 Qxc3+ 55. Kb6 Qd4+ 56. Kc6 Qa7 57. Kc7 Qxb7+ 58.
Kxb7 1/2-1/2

[Event "Tournoi Skype 011B"]
[Site "Skype"]
[Date "????.??.??"]
[Round "3.17"]
[White "Lequeux, Pierre"]
[Black "Gabriele, Noel"]
[Result "0-1"]
[WhiteElo "1108"]
[BlackElo "1339"]
[PlyCount "109"]

1. Nf3 d5 2. d4 Nf6 3. e3 Bg4 4. Be2 Bxf3 5. Bxf3 e6 6. O-O Bd6 7. g3 O-O 8.
Nd2 Re8 9. e4 c6 10. c3 e5 11. exd5 cxd5 12. c4 e4 13. Bg2 Qa5 14. Nb3 Qc7 15.
Bd2 dxc4 16. Nc1 Nc6 17. Ne2 Ne7 18. Rc1 Nf5 19. b3 b5 20. Nc3 Nxd4 21. bxc4
bxc4 22. Re1 Qc6 23. Be3 Bc5 24. Bxd4 Rad8 25. Ne2 Qd5 26. Bxc5 Qxc5 27. Qc2 e3
28. f4 Rc8 29. Bb7 Rc7 30. Bg2 Ng4 31. h3 Nf2 32. Nc3 Nd3 33. Na4 Qa3 34. Nb2
Nxb2 35. Rb1 c3 36. Red1 Nxd1 37. Rxd1 e2 38. Re1 Rce7 39. Bf3 Qc5+ 40. Kg2 Qc4
41. a4 Re3 42. Bg4 Qd5+ 43. Kh2 h5 44. Bf5 g6 45. Bxg6 fxg6 46. Qxg6+ Kf8 47.
Qh6+ Ke7 48. Qg7+ Kd8 49. Qxa7 c2 50. Qb8+ Ke7 51. Qb4+ Ke6 52. Qb6+ Kf5 53.
g4+ Kxf4 54. Qc7+ Ke4 55. Qc3 0-1

[Event "Tournoi Skype 011B"]
[Site "Skype"]
[Date "????.??.??"]
[Round "3.18"]
[White "Alverson, Ginny"]
[Black "Baker, Abi"]
[Result "1-0"]
[WhiteElo "1313"]
[BlackElo "1034"]
[PlyCount "45"]

1. Nf3 d5 2. d4 Nd7 3. Nbd2 c5 4. dxc5 Nxc5 5. e3 a6 6. Be2 g6 7. O-O Bg7 8.
Ng5 e5 9. f4 d4 10. fxe5 dxe3 11. Nxf7 Qd4 12. Nxh8 Bxh8 13. Nf3 Qf4 14. Qd5
Bf5 15. Qxg8+ Kd7 16. Qf7+ Kc6 17. Qe8+ Nd7 18. Qxa8 Bxe5 19. Qc8+ Bc7 20. Rd1
Qxh2+ 21. Nxh2 Bxc2 22. Rxd7 h5 23. Qxc7# 1-0

[Event "Tournoi Skype 011B"]
[Site "Skype"]
[Date "????.??.??"]
[Round "3.19"]
[White "Letourneau, Judith"]
[Black "Raheja, Shiv"]
[Result "0-1"]
[WhiteElo "1000"]
[BlackElo "1303"]
[PlyCount "58"]

1. e4 e5 2. Nf3 Nc6 3. Bb5 Bc5 4. O-O Nf6 5. Nc3 a6 6. Bc4 O-O 7. d3 b5 8. Bxb5
axb5 9. Nxb5 Rb8 10. Nc3 Ng4 11. Qd2 Qf6 12. h3 Nh6 13. a3 d6 14. b4 Qg6 15.
Kh1 Ba7 16. Nb5 Rxb5 17. a4 Rb8 18. Ba3 Nd4 19. Nxd4 Bxd4 20. Rfe1 Bxa1 21.
Rxa1 f5 22. Bb2 f4 23. g3 Bxh3 24. Qe1 Qh5 25. Qd1 Bg4+ 26. Kg1 Bxd1 27. Rxd1
fxg3 28. fxg3 Ng4 29. a5 Qh2# 0-1

[Event "Tournoi Skype 011B"]
[Site "Skype"]
[Date "????.??.??"]
[Round "3.22"]
[White "Pedneault, Anne-Frederique"]
[Black "Sauvaget, Joel"]
[Result "0-1"]
[WhiteElo "1066"]
[BlackElo "1399"]
[PlyCount "60"]

1. e4 e6 2. d4 Be7 3. Nf3 Nf6 4. Nc3 b6 5. Bd3 Bb7 6. O-O O-O 7. Re1 d6 8. Ng5
h6 9. Nf3 Nbd7 10. e5 Nd5 11. Be4 c6 12. Bxd5 cxd5 13. Ne2 dxe5 14. dxe5 Nxe5
15. Nxe5 Bd6 16. Bf4 Qc7 17. c3 Bxe5 18. Bxe5 Qxe5 19. f4 Qd6 20. g3 f6 21. h4
Ba6 22. g4 Rad8 23. g5 fxg5 24. hxg5 Bxe2 25. Qxe2 Qxf4 26. Qxe6+ Rf7 27. gxh6
gxh6 28. Qh3 Rd6 29. Re8+ Kh7 30. Rf1 Rg6+ 0-1

[Event "Tournoi Skype 011B"]
[Site "Skype"]
[Date "????.??.??"]
[Round "3.23"]
[White "Blaevoet, Rebecca"]
[Black "Farthouat, Catherine"]
[Result "1-0"]
[WhiteElo "1214"]
[BlackElo "1010"]
[PlyCount "65"]

1. c4 e5 2. d3 d6 3. b3 Nc6 4. Bb2 Nf6 5. Nf3 Be7 6. e4 O-O 7. Be2 d5 8. O-O
Bd6 9. Nbd2 d4 10. h3 a6 11. a3 b5 12. Rc1 b4 13. axb4 Nxb4 14. c5 Be7 15. Nxe5
Na2 16. Nc6 Qe8 17. Rc4 Qxc6 18. Bxd4 Rd8 19. Bf3 Qe6 20. e5 Nc3 21. Bxc3 Nd7
22. Bg4 f5 23. c6 Nb8 24. Qf3 a5 25. Re1 Ra6 26. Nf1 Nxc6 27. Ng3 fxg4 28. hxg4
Qh6 29. Ree4 Rf8 30. Nf5 Qg5 31. e6 Qh5 32. gxh5 g6 33. Nh6# 1-0

[Event "Tournoi Skype 011B"]
[Site "Skype"]
[Date "????.??.??"]
[Round "3.24"]
[White "Gagnon, Sindy"]
[Black "Melin, Christiane"]
[Result "1-0"]
[WhiteElo "1012"]
[BlackElo "1165"]
[PlyCount "57"]

1. d4 d5 2. Nf3 Nf6 3. e3 Nc6 4. Bd3 Bg4 5. Nbd2 e6 6. O-O Bb4 7. c3 Ba5 8. Re1
O-O 9. b3 b6 10. Ba3 Qe7 11. Bxe7 Nxe7 12. Qc2 Rad8 13. b4 Bxb4 14. cxb4 Nc6
15. Qxc6 Rd6 16. Qxc7 Rd7 17. Qg3 h5 18. Qh4 Re8 19. a4 Bf5 20. Bb5 Rc7 21.
Bxe8 Nxe8 22. Qxh5 g6 23. Qg5 f6 24. Qh4 Rh7 25. Qg3 Ng7 26. Qb8+ Kf7 27. Qxa7+
Ke8 28. Rac1 Rh8 29. Rc8# 1-0